Súčasný stav a tendencie vo vývoji životného prostredia hlavného mesta SSR Bratislavy
Salvato in:
| Natura: | Libro |
|---|---|
| Lingua: | slovacco |
| Pubblicazione: |
Bratislava
Československá vedeckotechnická spoločnosť
1979
|
| Tags: |
Nessun Tag, puoi essere il primo ad aggiungerne!!
|
MARC
| LEADER | 00000nam a2200000 4500 | ||
|---|---|---|---|
| 001 | 0222230 | ||
| 005 | 20240822101700.5 | ||
| 041 | 0 | |a slo | |
| 044 | |a SK | ||
| 245 | 1 | 0 | |a Súčasný stav a tendencie vo vývoji životného prostredia hlavného mesta SSR Bratislavy |
| 264 | 1 | |a Bratislava |b Československá vedeckotechnická spoločnosť |c 1979 | |
| 300 | |a 191 s. | ||